Statistics for All 25k+ cities in Germany on a map

Click here to take the quiz!

General Stats

  • This quiz has been taken 1,377 times
  • The average score is 207 of 518

Answers on the Map

Answers color-coded by a green-red scale on the quiz's map according to % correct below.
 

Answer Stats

State (Bundesland)PopulationAnswer% Correct
Berlin3,669,491Berlin
91%
Hamburg1,847,253Hamburg
90%
Hesse763,380Frankfurt am Main
88%
North Rhine-Westphalia1,087,863Cologne
87%
Brandenburg57,751Frankfurt an der Oder
87%
Bavaria1,484,226Munich
87%
Saxony556,780Dresden
86%
Bremen567,559Bremen
85%
Schleswig-Holstein246,794Kiel
85%
Saxony593,145Leipzig
85%
North Rhine-Westphalia621,877Dusseldorf
83%
Lower Saxony536,925Hanover
82%
Bavaria518,370Nuremberg
82%
Brandenburg180,334Potsdam
82%
Mecklenburg-Western Pomerania209,191Rostock
82%
Baden-Württemberg635,911Stuttgart
82%
North Rhine-Westphalia582,760Essen
81%
North Rhine-Westphalia248,960Aachen
80%
Bavaria296,582Augsburg
80%
North Rhine-Westphalia588,250Dortmund
80%
Baden-Württemberg231,195Freiburg im Breisgau
80%
Saarland180,374Saarbrücken
80%
North Rhine-Westphalia329,673Bonn
79%
Thuringia213,981Erfurt
78%
Saxony40,657Freiberg
78%
Saxony-Anhalt237,565Magdeburg
78%
Rhineland-Palatinate218,578Mainz
78%
North Rhine-Westphalia334,195Bielefeld
77%
Saxony246,334Chemnitz
77%
Schleswig-Holstein216,530Lübeck
77%
Baden-Württemberg310,658Mannheim
77%
Bremen113,643Bremerhaven
76%
North Rhine-Westphalia498,686Duisburg
76%
Thuringia111,343Jena
75%
North Rhine-Westphalia315,293Münster
75%
Baden-Württemberg126,790Ulm
74%
North Rhine-Westphalia365,587Bochum
73%
Baden-Württemberg312,060Karlsruhe
73%
Bavaria153,094Regensburg
73%
Baden-Württemberg40,538Schwäbisch Hall
73%
North Rhine-Westphalia355,100Wuppertal
73%
Lower Saxony249,406Braunschweig
72%
Brandenburg99,678Cottbus
72%
Baden-Württemberg161,485Heidelberg
72%
Bavaria137,392Ingolstadt
72%
Hesse202,137Kassel
72%
Mecklenburg-Western Pomerania95,653Schwerin
72%
Rhineland-Palatinate111,528Trier
72%
Lower Saxony124,371Wolfsburg
72%
Brandenburg72,184Brandenburg an der Havel
71%
Schleswig-Holstein90,164Flensburg
71%
Lower Saxony165,251Osnabrück
71%
Hesse278,474Wiesbaden
71%
Rhineland-Palatinate114,052Koblenz
70%
North Rhine-Westphalia261,034Mönchengladbach
70%
Lower Saxony169,077Oldenburg
70%
Bavaria127,934Würzburg
70%
Saxony-Anhalt238,762Halle
69%
North Rhine-Westphalia163,729Leverkusen
69%
Thuringia65,228Weimar
69%
Hesse159,878Darmstadt
68%
North Rhine-Westphalia259,645Gelsenkirchen
68%
Thuringia93,125Gera
67%
Rhineland-Palatinate100,030Kaiserslautern
67%
Baden-Württemberg84,911Konstanz
67%
Rhineland-Palatinate172,253Ludwigshafen am Rhein
67%
Baden-Württemberg55,185Baden-Baden
66%
Bavaria128,497Fürth
66%
Lower Saxony118,911Göttingen
66%
North Rhine-Westphalia151,633Paderborn
66%
Bavaria52,803Passau
66%
North Rhine-Westphalia179,916Hamm
65%
Saxony88,690Zwickau
65%
Bavaria77,373Bamberg
63%
North Rhine-Westphalia210,764Oberhausen
63%
Saxony55,980Görlitz
62%
Hesse130,280Offenbach am Main
62%
Mecklenburg-Western Pomerania59,418Stralsund
62%
Rhineland-Palatinate83,542Worms
62%
North Rhine-Westphalia111,846Bergisch Gladbach
61%
North Rhine-Westphalia159,245Solingen
61%
Lower Saxony76,089Wilhelmshaven
61%
North Rhine-Westphalia96,459Witten
61%
Bavaria74,783Bayreuth
60%
North Rhine-Westphalia188,686Hagen
60%
Baden-Württemberg126,592Heilbronn
60%
North Rhine-Westphalia227,417Krefeld
60%
Baden-Württemberg93,584Ludwigsburg
60%
Mecklenburg-Western Pomerania63,761Neubrandenburg
60%
Baden-Württemberg91,506Tübingen
60%
Bavaria112,528Erlangen
59%
Hesse96,492Hanau
59%
Lower Saxony101,693Hildesheim
59%
Bavaria45,825Hof
59%
Lower Saxony75,711Lüneburg
59%
Baden-Württemberg125,957Pforzheim
59%
Bavaria71,002Aschaffenburg
58%
Hesse68,635Fulda
58%
Mecklenburg-Western Pomerania59,232Greifswald
58%
North Rhine-Westphalia153,896Neuss
58%
Bavaria58,978Neu-Ulm
58%
North Rhine-Westphalia111,397Recklinghausen
58%
North Rhine-Westphalia102,770Siegen
58%
Saxony-Anhalt80,103Dessau-Roßlau
57%
Hesse89,802Gießen
57%
North Rhine-Westphalia156,449Herne
57%
Baden-Württemberg115,865Reutlingen
57%
Mecklenburg-Western Pomerania42,963Wismar
57%
North Rhine-Westphalia117,565Bottrop
56%
Bavaria73,411Landshut
56%
Hesse77,129Marburg
56%
Schleswig-Holstein80,196Neumünster
56%
Lower Saxony104,291Salzgitter
56%
Lower Saxony69,540Celle
55%
Baden-Württemberg61,283Friedrichshafen
55%
North Rhine-Westphalia170,632Mülheim an der Ruhr
55%
Lower Saxony44,386Neustadt am Rübenberge
55%
Rhineland-Palatinate53,264Neustadt an der Weinstraße
55%
Baden-Württemberg50,897Ravensburg
55%
Bavaria63,551Rosenheim
55%
Bavaria53,426Schweinfurt
55%
Rhineland-Palatinate50,561Speyer
55%
Hesse54,227Bad Homburg vor der Höhe
54%
Lower Saxony48,164Cuxhaven
54%
North Rhine-Westphalia91,216Düren
54%
North Rhine-Westphalia81,716Minden
54%
Baden-Württemberg85,707Villingen-Schwenningen
54%
Baden-Württemberg68,393Aalen
53%
North Rhine-Westphalia52,503Ahlen
53%
Bavaria47,721Dachau
53%
Lower Saxony49,913Emden
53%
Baden-Württemberg94,145Esslingen am Neckar
53%
North Rhine-Westphalia100,861Gütersloh
53%
Bavaria69,151Kempten (Allgäu)
53%
Baden-Württemberg59,967Offenburg
53%
Saxony64,597Plauen
53%
North Rhine-Westphalia111,338Remscheid
53%
Bavaria41,072Coburg
51%
North Rhine-Westphalia103,902Moers
51%
Saarland34,522Saarlouis
51%
Saxony-Anhalt38,159Bitterfeld-Wolfen
50%
Lower Saxony77,559Delmenhorst
50%
Thuringia42,250Eisenach
50%
Lower Saxony50,554Goslar
50%
North Rhine-Westphalia52,388Kleve
50%
Schleswig-Holstein79,357Norderstedt
50%
Saxony-Anhalt45,752Wittenberg
50%
Saxony38,425Bautzen
49%
North Rhine-Westphalia92,174Iserlohn
49%
North Rhine-Westphalia87,520Ratingen
49%
North Rhine-Westphalia58,936Unna
49%
Lower Saxony30,847Geestland
48%
Hesse38,229Langen
48%
Hesse52,955Wetzlar
48%
Baden-Württemberg50,161Böblingen
47%
Bavaria27,215Garmisch-Partenkirchen
47%
Baden-Württemberg57,813Göppingen
47%
Thuringia45,419Gotha
47%
Saarland41,875Homburg
47%
Brandenburg37,639Königs Wusterhausen
47%
North Rhine-Westphalia76,218Rheine
47%
Rhineland-Palatinate34,193Zweibrücken
47%
Bavaria41,798Ansbach
46%
North Rhine-Westphalia71,113Bocholt
46%
North Rhine-Westphalia73,343Castrop-Rauxel
46%
North Rhine-Westphalia74,254Detmold
46%
North Rhine-Westphalia86,348Lünen
46%
North Rhine-Westphalia84,067Marl
46%
Bavaria44,100Memmingen
46%
Brandenburg44,862Oranienburg
46%
Hesse65,881Rüsselsheim am Main
46%
Baden-Württemberg61,137Schwäbisch Gmünd
46%
Lower Saxony52,165Wolfenbüttel
46%
North Rhine-Westphalia58,381Euskirchen
45%
North Rhine-Westphalia75,610Gladbeck
45%
Lower Saxony57,434Hameln
45%
North Rhine-Westphalia66,638Herford
45%
Bavaria25,512Lindau
45%
Lower Saxony54,708Lingen
45%
North Rhine-Westphalia67,952Lippstadt
45%
Saxony-Anhalt39,103Stendal
45%
North Rhine-Westphalia60,230Wesel
45%
Rhineland-Palatinate51,170Bad Kreuznach
44%
Bavaria49,126Freising
44%
Baden-Württemberg49,573Heidenheim an der Brenz
44%
Saxony28,282Meißen
44%
Rhineland-Palatinate64,765Neuwied
44%
Thuringia41,726Nordhausen
44%
Lower Saxony53,711Nordhorn
44%
Baden-Württemberg64,905Sindelfingen
44%
North Rhine-Westphalia77,102Viersen
44%
Bavaria42,207Amberg
43%
Lower Saxony42,040Aurich
43%
North Rhine-Westphalia37,753Greven
43%
North Rhine-Westphalia50,952Gummersbach
43%
Lower Saxony34,786Leer
43%
Baden-Württemberg49,291Lörrach
43%
North Rhine-Westphalia72,313Lüdenscheid
43%
Lower Saxony49,990Peine
43%
Baden-Württemberg49,918Rastatt
43%
Bavaria25,238Roth
43%
Lower Saxony47,703Stade
43%
Thuringia36,789Suhl
43%
Thuringia31,633Altenburg
42%
North Rhine-Westphalia73,456Arnsberg
42%
Rhineland-Palatinate46,881Landau in der Pfalz
42%
Lower Saxony35,313Meppen
42%
Schleswig-Holstein43,667Pinneberg
42%
Rhineland-Palatinate40,231Pirmasens
42%
Bavaria47,791Straubing
42%
North Rhine-Westphalia81,842Velbert
42%
North Rhine-Westphalia67,373Dinslaken
41%
North Rhine-Westphalia63,743Grevenbroich
41%
North Rhine-Westphalia51,822Ibbenbüren
41%
North Rhine-Westphalia66,702Kerpen
41%
Hesse35,514Limburg an der Lahn
41%
Saarland46,179Neunkirchen
41%
Saxony38,422Pirna
41%
North Rhine-Westphalia74,953Troisdorf
41%
North Rhine-Westphalia61,601Bergheim
40%
Lower Saxony35,451Cloppenburg
40%
North Rhine-Westphalia64,340Dormagen
40%
Bavaria36,437Erding
40%
Lower Saxony61,032Garbsen
40%
North Rhine-Westphalia59,731Hürth
40%
Lower Saxony54,652Langenhagen
40%
Rhineland-Palatinate25,899Bingen am Rhein
39%
Lower Saxony40,193Buxtehude
39%
North Rhine-Westphalia74,704Dorsten
39%
North Rhine-Westphalia56,482Eschweiler
39%
North Rhine-Westphalia52,439Frechen
39%
North Rhine-Westphalia54,438Hattingen
39%
Schleswig-Holstein31,803Itzehoe
39%
Bavaria44,398Kaufbeuren
39%
North Rhine-Westphalia54,194Pulheim
39%
North Rhine-Westphalia55,847Sankt Augustin
39%
Schleswig-Holstein25,416Schleswig
39%
Baden-Württemberg47,643Singen
39%
Baden-Württemberg55,604Waiblingen
39%
Brandenburg40,699Eberswalde
38%
North Rhine-Westphalia50,010Erftstadt
38%
Mecklenburg-Western Pomerania29,083Güstrow
38%
North Rhine-Westphalia55,625Hilden
38%
North Rhine-Westphalia56,415Meerbusch
38%
North Rhine-Westphalia52,608Menden
38%
Bavaria40,277Neumarkt in der Oberpfalz
38%
Schleswig-Holstein28,896Rendsburg
38%
Baden-Württemberg35,399Sinsheim
38%
Bavaria42,743Weiden in der Oberpfalz
38%
North Rhine-Westphalia54,254Bad Salzuflen
37%
Brandenburg40,031Bernau bei Berlin
37%
Rhineland-Palatinate48,762Frankenthal
37%
Saxony32,405Hoyerswerda
37%
North Rhine-Westphalia59,178Langenfeld
37%
North Rhine-Westphalia47,514Soest
37%
North Rhine-Westphalia56,466Stolberg
37%
Baden-Württemberg36,102Tuttlingen
37%
Lower Saxony33,536Uelzen
37%
Bavaria33,721Deggendorf
36%
Saxony39,703Freital
36%
Bavaria37,004Fürstenfeldbruck
36%
Saxony-Anhalt40,329Halberstadt
36%
North Rhine-Westphalia61,821Herten
36%
Bavaria29,228Landsberg am Lech
36%
Lower Saxony37,766Papenburg
36%
Saxony25,086Zittau
36%
Schleswig-Holstein49,983Elmshorn
35%
Thuringia38,891Ilmenau
35%
Baden-Württemberg36,664Kehl
35%
Bavaria29,793Neuburg an der Donau
35%
Baden-Württemberg25,182Rottweil
35%
Bavaria40,981Schwabach
35%
Saarland25,809St. Wendel
35%
Rhineland-Palatinate28,468Bad Neuenahr-Ahrweiler
34%
Brandenburg43,994Falkensee
34%
Saxony28,173Grimma
34%
Thuringia36,090Mühlhausen
34%
Brandenburg30,785Neuruppin
34%
Saxony29,754Riesa
34%
Baden-Württemberg43,843Rottenburg am Neckar
34%
Lower Saxony32,863Vechta
34%
Saarland39,517Völklingen
34%
North Rhine-Westphalia50,391Willich
34%
Lower Saxony42,837Gifhorn
33%
Baden-Württemberg47,201Lahr
33%
Saarland29,795Merzig
33%
Saxony-Anhalt32,155Naumburg
33%
Lower Saxony29,098Northeim
33%
Saxony33,894Radebeul
33%
Thuringia29,278Saalfeld
33%
Saarland35,427St. Ingbert
33%
Brandenburg26,902Teltow
33%
North Rhine-Westphalia32,653Jülich
32%
North Rhine-Westphalia43,023Kamen
32%
Baden-Württemberg48,848Leonberg
32%
Brandenburg29,680Schwedt
32%
Baden-Württemberg30,150Weil am Rhein
32%
Baden-Württemberg45,425Weinheim
32%
Saxony-Anhalt32,534Wernigerode
32%
Hesse29,944Bad Hersfeld
31%
Baden-Württemberg33,265Biberach an der Riß
31%
North Rhine-Westphalia44,126Brühl
31%
North Rhine-Westphalia36,257Coesfeld
31%
Bavaria40,399Germering
31%
Lower Saxony25,712Helmstedt
31%
Bavaria25,866Kulmbach
31%
Saxony-Anhalt33,873Merseburg
31%
North Rhine-Westphalia38,757Mettmann
31%
Saxony-Anhalt25,963Sangerhausen
31%
Saxony-Anhalt27,601Zeitz
31%
Schleswig-Holstein33,728Ahrensburg
30%
Rhineland-Palatinate29,922Andernach
30%
Thuringia27,314Arnstadt
30%
North Rhine-Westphalia48,740Bergkamen
30%
Lower Saxony39,729Buchholz in der Nordheide
30%
Bavaria32,260Forchheim
30%
North Rhine-Westphalia42,236Heinsberg
30%
Rhineland-Palatinate28,520Idar-Oberstein
30%
Saxony-Anhalt25,641Köthen
30%
Lower Saxony27,706Verden
30%
Saxony-Anhalt40,192Weißenfels
30%
Hesse40,756Bensheim
29%
Saxony-Anhalt32,573Bernburg
29%
North Rhine-Westphalia42,629Borken
29%
Brandenburg31,965Fürstenwalde
29%
Hesse26,097Heppenheim
29%
North Rhine-Westphalia28,808Höxter
29%
Rhineland-Palatinate35,193Ingelheim am Rhein
29%
North Rhine-Westphalia40,619Lemgo
29%
Lower Saxony46,588Melle
29%
Lower Saxony31,448Nienburg
29%
Bavaria29,130Schwandorf
29%
North Rhine-Westphalia41,554Siegburg
29%
North Rhine-Westphalia37,157Warendorf
29%
Lower Saxony35,227Winsen
29%
Baden-Württemberg45,465Albstadt
28%
North Rhine-Westphalia48,604Bad Oeynhausen
28%
Hesse27,755Baunatal
28%
Hesse29,401Friedberg
28%
Bavaria29,979Friedberg
28%
Hesse25,559Groß-Gerau
28%
Baden-Württemberg40,783Kirchheim unter Teck
28%
North Rhine-Westphalia41,277Königswinter
28%
Lower Saxony41,606Laatzen
28%
Hesse28,652Mühlheim am Main
28%
Lower Saxony41,591Seevetal
28%
Brandenburg26,853Strausberg
28%
Brandenburg26,412Werder
28%
Saxony-Anhalt27,012Aschersleben
27%
Baden-Württemberg44,776Bruchsal
27%
Baden-Württemberg34,536Crailsheim
27%
Baden-Württemberg39,373Ettlingen
27%
Lower Saxony44,030Lehrte
27%
North Rhine-Westphalia39,915Löhne
27%
Lower Saxony26,935Lohne
27%
Brandenburg26,800Ludwigsfelde
27%
Baden-Württemberg26,528Neckarsulm
27%
Hesse38,105Neu-Isenburg
27%
Bavaria26,124Pfaffenhofen an der Ilm
27%
Hesse45,719Rodgau
27%
Schleswig-Holstein33,708Wedel
27%
Lower Saxony41,477Wunstorf
27%
Lower Saxony31,923Achim
26%
Lower Saxony30,689Einbeck
26%
Baden-Württemberg46,083Filderstadt
26%
Schleswig-Holstein30,688Geesthacht
26%
North Rhine-Westphalia34,514Kempen
26%
North Rhine-Westphalia27,187Neukirchen-Vluyn
26%
North Rhine-Westphalia35,631Porta Westfalica
26%
North Rhine-Westphalia30,854Rheinberg
26%
North Rhine-Westphalia46,195Schwerte
26%
North Rhine-Westphalia34,325Steinfurt
26%
Bavaria25,285Unterhaching
26%
Baden-Württemberg43,227Bietigheim-Bissingen
25%
Brandenburg27,939Blankenfelde-Mahlow
25%
North Rhine-Westphalia46,657Dülmen
25%
North Rhine-Westphalia43,206Erkelenz
25%
Brandenburg26,345Hennigsdorf
25%
Brandenburg26,283Hohen Neuendorf
25%
Hesse39,553Maintal
25%
Hesse46,545Oberursel
25%
North Rhine-Westphalia48,644Rheda-Wiedenbrück
25%
Saxony-Anhalt30,532Schönebeck
25%
Baden-Württemberg26,917Wangen im Allgäu
25%
Baden-Württemberg37,348Backnang
24%
Baden-Württemberg34,332Balingen
24%
Hesse42,102Dreieich
24%
Baden-Württemberg27,977Emmendingen
24%
Baden-Württemberg45,669Fellbach
24%
North Rhine-Westphalia37,850Haltern am See
24%
North Rhine-Westphalia34,858Lage
24%
North Rhine-Westphalia40,948Monheim am Rhein
24%
Baden-Württemberg41,223Nürtingen
24%
Schleswig-Holstein27,950Reinbek
24%
Baden-Württemberg33,083Rheinfelden
24%
Hesse30,050Taunusstein
24%
North Rhine-Westphalia25,318Verl
24%
Hesse26,432Butzbach
23%
North Rhine-Westphalia30,961Emmerich am Rhein
23%
North Rhine-Westphalia47,290Hennef
23%
Schleswig-Holstein28,104Henstedt-Ulzburg
23%
Hesse39,647Hofheim am Taunus
23%
Bavaria26,483Lauf an der Pegnitz
23%
Hesse34,891Mörfelden-Walldorf
23%
Lower Saxony26,139Nordenham
23%
Lower Saxony25,424Rinteln
23%
North Rhine-Westphalia39,381Ahaus
22%
North Rhine-Westphalia25,812Bad Honnef
22%
Hesse32,447Bad Nauheim
22%
North Rhine-Westphalia48,321Bornheim
22%
North Rhine-Westphalia25,451Brilon
22%
Baden-Württemberg28,864Bühl
22%
North Rhine-Westphalia45,187Bünde
22%
North Rhine-Westphalia34,596Datteln
22%
Hesse34,298Dietzenbach
22%
North Rhine-Westphalia43,992Erkrath
22%
Baden-Württemberg29,884Gaggenau
22%
North Rhine-Westphalia27,470Geilenkirchen
22%
North Rhine-Westphalia48,321Gronau
22%
North Rhine-Westphalia30,406Haan
22%
North Rhine-Westphalia37,596Kamp-Lintfort
22%
Hesse32,598Lampertheim
22%
North Rhine-Westphalia25,541Lübbecke
22%
Hesse28,249Rödermark
22%
Hesse34,315Viernheim
22%
North Rhine-Westphalia27,392Wetter
22%
North Rhine-Westphalia38,756Würselen
22%
Bavaria25,588Zirndorf
22%
Hesse34,216Bad Vilbel
21%
North Rhine-Westphalia36,815Beckum
21%
North Rhine-Westphalia33,730Geldern
21%
Hesse27,473Griesheim
21%
Hesse27,674Hattersheim am Main
21%
Baden-Württemberg27,044Leimen
21%
Baden-Württemberg40,165Leinfelden-Echterdingen
21%
Lower Saxony30,256Osterholz-Scharmbeck
21%
Baden-Württemberg39,312Ostfildern
21%
Hesse25,096Pfungstadt
21%
Bavaria28,950Unterschleißheim
21%
Baden-Württemberg25,155Weingarten
21%
North Rhine-Westphalia30,767Werl
21%
North Rhine-Westphalia30,142Ennepetal
20%
North Rhine-Westphalia34,205Goch
20%
Baden-Württemberg31,738Herrenberg
20%
Baden-Württemberg25,082Horb am Neckar
20%
North Rhine-Westphalia43,493Kaarst
20%
Hesse29,075Kelkheim
20%
Bavaria28,059Königsbrunn
20%
North Rhine-Westphalia42,496Nettetal
20%
North Rhine-Westphalia38,667Niederkassel
20%
Bavaria27,985Olching
20%
North Rhine-Westphalia25,119Petershagen
20%
Baden-Württemberg31,496Radolfzell am Bodensee
20%
North Rhine-Westphalia26,986Rheinbach
20%
Baden-Württemberg39,775Schorndorf
20%
Lower Saxony30,081Walsrode
20%
Hesse26,052Weiterstadt
20%
Lower Saxony31,141Bramsche
19%
Baden-Württemberg29,566Bretten
19%
Lower Saxony30,727Burgdorf
19%
North Rhine-Westphalia36,029Emsdetten
19%
North Rhine-Westphalia28,537Schwelm
19%
Lower Saxony33,611Stuhr
19%
Baden-Württemberg29,547Vaihingen an der Enz
19%
Baden-Württemberg25,642Achern
18%
Baden-Württemberg26,293Ehingen
18%
Baden-Württemberg28,328Geislingen an der Steige
18%
North Rhine-Westphalia46,375Herzogenrath
18%
North Rhine-Westphalia28,087Kevelaer
18%
Baden-Württemberg33,825Kornwestheim
18%
North Rhine-Westphalia29,238Oelde
18%
Lower Saxony29,013Springe
18%
North Rhine-Westphalia36,017Voerde
18%
Baden-Württemberg27,082Weinstadt
18%
North Rhine-Westphalia29,717Werne
18%
Lower Saxony30,816Weyhe
18%
Baden-Württemberg26,799Wiesloch
18%
North Rhine-Westphalia47,149Alsdorf
17%
Lower Saxony28,896Bad Zwischenahn
17%
Hesse25,234Friedrichsdorf
17%
Bavaria25,438Geretsried
17%
North Rhine-Westphalia30,701Gevelsberg
17%
North Rhine-Westphalia26,858Hamminkeln
17%
North Rhine-Westphalia31,122Kreuztal
17%
North Rhine-Westphalia25,308Lennestadt
17%
Baden-Württemberg26,130Mühlacker
17%
North Rhine-Westphalia31,421Oer-Erkenschwick
17%
Lower Saxony34,401Seelze
17%
North Rhine-Westphalia25,925Selm
17%
North Rhine-Westphalia29,328Waltrop
17%
Baden-Württemberg28,240Winnenden
17%
Lower Saxony34,187Barsinghausen
16%
Lower Saxony31,756Georgsmarienhütte
16%
North Rhine-Westphalia25,237Plettenberg
16%
North Rhine-Westphalia28,631Rösrath
16%
North Rhine-Westphalia27,725Sundern
16%
North Rhine-Westphalia34,719Wermelskirchen
16%
North Rhine-Westphalia36,347Wesseling
16%
Lower Saxony31,360Ganderkesee
15%
North Rhine-Westphalia34,062Hemer
15%
North Rhine-Westphalia40,245Hückelhoven
15%
North Rhine-Westphalia27,100Overath
15%
Baden-Württemberg26,539Remseck am Neckar
15%
Lower Saxony29,582Wedemark
15%
North Rhine-Westphalia25,161Wiehl
15%
North Rhine-Westphalia25,163Harsewinkel
14%
North Rhine-Westphalia26,345Heiligenhaus
14%
North Rhine-Westphalia30,453Lohmar
14%
North Rhine-Westphalia29,786Meschede
14%
North Rhine-Westphalia29,545Rietberg
14%
North Rhine-Westphalia29,336Tönisvorst
14%
North Rhine-Westphalia28,169Wegberg
14%
North Rhine-Westphalia27,093Baesweiler
13%
North Rhine-Westphalia31,989Delbrück
13%
North Rhine-Westphalia33,251Korschenbroich
13%
North Rhine-Westphalia27,714Mechernich
13%
North Rhine-Westphalia28,000Leichlingen
12%
North Rhine-Westphalia26,872Schloß Holte-Stukenbrock
12%

Score Distribution

Percentile by Number Answered

Percent of People with Each Score

Your Score History

You have not taken this quiz